[Event "San Francisco TNM Summer op"]
[Site "San Francisco"]
[Date "2009.07.14"]
[Round "8"]
[White "Smelansky, Vadim"]
[Black "Morgan, Jerry"]
[Result "0-1"]
[WhiteElo "1797"]
[BlackElo "1406"]
[PlyCount "24"]
[EventDate "2009.05.26"]
[EventType "swiss"]
[EventRounds "8"]
[EventCountry "USA"]
[SourceTitle "EXT 2012"]
[Source "ChessBase"]
[SourceDate "2011.11.24"]
[SourceVersion "1"]
[SourceVersionDate "2011.11.24"]
[SourceQuality "1"]

1. e4 c6 2. Nf3 d5 3. exd5 cxd5 4. d4 Nf6 5. Nc3 Bg4 6. Bb5+ Nbd7 7. Bg5 Qc7 8. Qe2 0-0-0 9. Bxd7+ Nxd7 10. Nb5 Bxf3 11. Nxc7 Bxe2 12. Kxe2 Kxc7 0-1

[Event "San Francisco TNM Summer op"]
[Site "San Francisco"]
[Date "2009.06.25"]
[Round "5"]
[White "Manvelyan, Hayk"]
[Black "Smelansky, Vadim"]
[Result "1-0"]
[WhiteElo "2072"]
[BlackElo "1797"]
[PlyCount "51"]
[EventDate "2009.05.26"]
[EventType "swiss"]
[EventRounds "8"]
[EventCountry "USA"]
[SourceTitle "EXT 2012"]
[Source "ChessBase"]
[SourceDate "2011.11.24"]
[SourceVersion "1"]
[SourceVersionDate "2011.11.24"]
[SourceQuality "1"]

1. d4 e5 2. dxe5 Nc6 3. Nf3 d5 4. Bf4 Bg4 5. Nbd2 Nge7 6. h3 Bh5 7. c3 Qd7 8. e3 a6 9. Qc2 b5 10. b4 Bxf3 11. Nxf3 Ng6 12. a4 Rb8 13. axb5 axb5 14. Bd3 Nxf4 15. exf4 d4 16. Bf5 Qd5 17. Rd1 Qc4 18. Nxd4 Nxb4 19. Qb3 Qxb3 20. Nxb3 Na2 21. Bd7+ Ke7 22. Na5 Rb6 23. Nc6+ Rxc6 24. Bxc6 Nxc3 25. Rd3 b4 26. f5 1-0

[Event "San Francisco TNM Summer op"]
[Site "San Francisco"]
[Date "2009.06.16"]
[Round "4"]
[White "Grey, Peter G"]
[Black "Smelansky, Vadim"]
[Result "1-0"]
[WhiteElo "2000"]
[BlackElo "1797"]
[PlyCount "103"]
[EventDate "2009.05.26"]
[EventType "swiss"]
[EventRounds "8"]
[EventCountry "USA"]
[SourceTitle "EXT 2012"]
[Source "ChessBase"]
[SourceDate "2011.11.24"]
[SourceVersion "1"]
[SourceVersionDate "2011.11.24"]
[SourceQuality "1"]

1. Nf3 d5 2. d4 Nf6 3. c4 c6 4. Nc3 e6 5. e3 a6 6. b3 b5 7. Qc2 g6 8. Be2 b4 9. Na4 Be7 10. 0-0 0-0 11. a3 a5 12. axb4 Bxb4 13. Ne5 Bd6 14. f4 Ne4 15. Nc3 Nxc3 16. Qxc3 Bb4 17. Qc2 Ba6 18. Nd3 Bd6 19. Bd2 Bc7 20. Nc5 Bc8 21. b4 Nd7 22. Nxd7 Bxd7 23. bxa5 Bxa5 24. Bxa5 Rxa5 25. Qc3 Ra8 26. Rxa8 Qxa8 27. Ra1 Qb7 28. c5 Rb8 29. Kf2 h6 30. Ra6 Qc7 31. Qa5 Qc8 32. Ra7 Kf8 33. Ba6 Qd8 34. Qxd8+ Rxd8 35. Rc7 Be8 36. g4 f6 37. Bc8 e5 38. fxe5 fxe5 39. dxe5 d4 40. exd4 Rxd4 41. e6 Rd5 42. Bd7 Rxc5 43. Rc8 Rc2+ 44. Ke3 Rc3+ 45. Kf4 Ke7 46. Rxe8+ Kd6 47. Rf8 Rh3 48. Rf6 g5+ 49. Kf5 Rxh2 50. Kg6 c5 51. Kf7 Re2 52. Bb5 1-0

[Event "San Francisco TNM Spring op"]
[Site "San Francisco"]
[Date "2009.05.05"]
[Round "8"]
[White "MacIntyre, Brendan"]
[Black "Smelansky, Vadim"]
[Result "0-1"]
[WhiteElo "1642"]
[BlackElo "1798"]
[PlyCount "126"]
[EventDate "2009.03.16"]
[EventType "swiss"]
[EventRounds "8"]
[EventCountry "USA"]
[SourceTitle "EXT 2012"]
[Source "ChessBase"]
[SourceDate "2011.11.24"]
[SourceVersion "1"]
[SourceVersionDate "2011.11.24"]
[SourceQuality "1"]

1. d4 d5 2. c4 e6 3. Nc3 Nf6 4. e3 Bb4 5. Nf3 0-0 6. Bd3 dxc4 7. Bxc4 c6 8. 0-0 b5 9. Bd3 Bb7 10. e4 h6 11. e5 Bxc3 12. bxc3 Nd5 13. Qc2 Nd7 14. Ba3 Re8 15. Rab1 Nf4 16. Be4 Rc8 17. Bc1 Nd5 18. c4 N5b6 19. c5 Nd5 20. a4 a5 21. axb5 cxb5 22. Nd2 Ba6 23. Bh7+ Kh8 24. Ne4 Nb4 25. Rxb4 axb4 26. Nd6 Qe7 27. Nxe8 Qxe8 28. Be4 Nb8 29. f4 Nc6 30. Bb2 Bb7 31. f5 b3 32. Qe2 Qd8 33. Qe3 exf5 34. Rxf5 Qe7 35. d5 Na5 36. Qf2 Qxc5 37. Rxf7 Qxf2+ 38. Rxf2 Nc4 39. e6 Nxb2 40. e7 Kg8 41. Bg6 Bxd5 42. e8Q+ Rxe8 43. Bxe8 Nd3 44. Rd2 Bc4 45. Bg6 b2 46. Bxd3 Bxd3 47. Rxb2 Kf7 48. Kf2 Bc4 49. Kf3 Ke6 50. Ke4 Kd6 51. Kd4 g6 52. h4 h5 53. g3 Ke6 54. Ke4 Kf6 55. Kf4 Ke6 56. Kg5 Bd3 57. Rb3 Bc4 58. Rc3 Kd5 59. Kxg6 Be2 60. Kf5 Kd4 61. Rc7 b4 62. Kf4 b3 63. g4 Bxg4 0-1

[Event "San Francisco TNM Fall op"]
[Site "San Francisco"]
[Date "2008.11.11"]
[Round "5"]
[White "Starr, Albert Martin"]
[Black "Smelansky, Vadim"]
[Result "0-1"]
[WhiteElo "1499"]
[BlackElo "1881"]
[PlyCount "100"]
[EventDate "2008.10.14"]
[EventType "swiss"]
[EventRounds "10"]
[EventCountry "USA"]
[SourceTitle "EXT 2012"]
[Source "ChessBase"]
[SourceDate "2011.11.24"]
[SourceVersion "1"]
[SourceVersionDate "2011.11.24"]
[SourceQuality "1"]

1. b4 Nf6 2. Bb2 g6 3. e3 Bg7 4. Nf3 0-0 5. Be2 d6 6. 0-0 e5 7. d3 c6 8. c4 Be6 9. Ng5 Qe7 10. Nxe6 fxe6 11. Nd2 Nbd7 12. a4 d5 13. b5 c5 14. a5 Ne8 15. Bf3 Nc7 16. Qb3 Qd6 17. g3 b6 18. Bg2 Rab8 19. axb6 axb6 20. Ra7 Ra8 21. Rfa1 Rxa7 22. Rxa7 Nf6 23. Nf3 Nd7 24. Ng5 h6 25. Rxc7 hxg5 26. Rc6 Qe7 27. cxd5 exd5 28. Bxd5+ Kh7 29. Be4 Nf6 30. Re6 Qf7 31. Bc6 Nd5 32. f4 Qxe6 33. Bxd5 Qg4 34. Qc2 gxf4 35. exf4 exf4 36. Bxg7 Kxg7 37. Qb2+ Kh6 38. Qf2 Qd1+ 39. Kg2 f3+ 40. Bxf3 Qxd3 41. g4 g5 42. h4 Qd4 43. Qg3 Qf6 44. h5 c4 45. Be2 Qf4 46. Bxc4 Qd2+ 47. Kh3 Rf4 48. Qa3 Qd4 49. Be6 Qe4 50. Bf5 Rf3+ 0-1

[Event "San Francisco TNM Summer op"]
[Site "San Francisco"]
[Date "2006.07.25"]
[Round "7"]
[White "Mar, Henry"]
[Black "Smelansky, Vadim"]
[Result "0-1"]
[WhiteElo "1538"]
[BlackElo "1789"]
[PlyCount "54"]
[EventDate "2006.06.06"]
[EventType "swiss"]
[EventRounds "8"]
[EventCountry "USA"]
[SourceTitle "EXT 2007"]
[Source "ChessBase"]
[SourceDate "2006.11.23"]
[SourceVersion "1"]
[SourceVersionDate "2006.11.23"]
[SourceQuality "1"]

1. e4 e5 2. Nf3 Nc6 3. Bc4 Nd4 4. c3 Nxf3+ 5. Qxf3 Nf6 6. 0-0 Bc5 7. d3 d6 8. Be3 Bxe3 9. fxe3 0-0 10. Nd2 c6 11. Bb3 Bg4 12. Qf2 Be6 13. Bc2 Qb6 14. b3 Ng4 15. Qe2 Nxe3 16. Rf2 Bg4 17. Nf3 f5 18. Re1 Nxc2 19. Qxc2 fxe4 20. Rxe4 Bxf3 21. gxf3 Rxf3 22. Kf1 Raf8 23. Ree2 Rxf2+ 24. Rxf2 Rxf2+ 25. Qxf2 Qxf2+ 26. Kxf2 Kf7 27. Kf3 Kf6 0-1

[Event "San Francisco TNM Summer op"]
[Site "San Francisco"]
[Date "2006.07.11"]
[Round "5"]
[White "Smelansky, Vadim"]
[Black "Russell, Joe Ryan"]
[Result "0-1"]
[WhiteElo "1789"]
[BlackElo "1633"]
[PlyCount "102"]
[EventDate "2006.06.06"]
[EventType "swiss"]
[EventRounds "8"]
[EventCountry "USA"]
[SourceTitle "EXT 2007"]
[Source "ChessBase"]
[SourceDate "2006.11.23"]
[SourceVersion "1"]
[SourceVersionDate "2006.11.23"]
[SourceQuality "1"]

1. e4 c5 2. Nf3 d6 3. Nc3 Nc6 4. Bb5 Nf6 5. 0-0 g6 6. d4 cxd4 7. Nxd4 Bd7 8. Nxc6 Bxc6 9. Bxc6+ bxc6 10. Qf3 Qc7 11. Bf4 Nh5 12. Bg3 Bg7 13. Rad1 0-0 14. Na4 Nxg3 15. Qxg3 Qa5 16. b3 f5 17. exf5 Rxf5 18. Qg4 Qe5 19. Qc4+ Kh8 20. Rfe1 Qf6 21. Qxc6 Rf8 22. f3 Qg5 23. Rd3 Be5 24. g4 Qh4 25. Re2 Rg5 26. Qe4 h5 27. Rg2 hxg4 28. Nc3 Bxc3 29. Rxc3 Re5 30. Rxg4 Rxe4 31. Rxe4 Qg5+ 32. Kf1 Kg7 33. h4 Qf6 34. Rce3 e5 35. Rg4 Qe6 36. Kg2 Qd5 37. Rd3 Qe6 38. Rc3 Rc8 39. Rgc4 Rxc4 40. Rxc4 Kf6 41. Rc7 e4 42. fxe4 Qxe4+ 43. Kg3 Qe3+ 44. Kg4 Qg1+ 45. Kh3 g5 46. hxg5+ Qxg5 47. Rc4 Ke6 48. a4 Kd7 49. b4 Qg1 50. Kh4 Ke6 51. c3 Kf5 0-1

[Event "San Francisco TNM Summer op"]
[Site "San Francisco"]
[Date "2006.06.20"]
[Round "3"]
[White "Bertot, German"]
[Black "Smelansky, Vadim"]
[Result "0-1"]
[WhiteElo "1439"]
[BlackElo "1789"]
[PlyCount "36"]
[EventDate "2006.06.06"]
[EventType "swiss"]
[EventRounds "8"]
[EventCountry "USA"]
[SourceTitle "EXT 2007"]
[Source "ChessBase"]
[SourceDate "2006.11.23"]
[SourceVersion "1"]
[SourceVersionDate "2006.11.23"]
[SourceQuality "1"]

1. d4 d5 2. c4 Bf5 3. Nc3 e6 4. Nf3 Nf6 5. Bg5 Bb4 6. e3 0-0 7. cxd5 exd5 8. Qb3 Bxc3+ 9. bxc3 Nbd7 10. Qxb7 c5 11. Qb5 Rb8 12. Qa4 cxd4 13. cxd4 Qc7 14. Qa3 Qc2 15. Qc1 Qa4 16. Qd2 Ne4 17. Qc1 Qb4+ 18. Ke2 Nc3+ 0-1